=LDR 00000nam 2200000 4500 =001 INLIS000000000032599 =005 20130612134610 =008 ***********************************ind** =035 ##$$0010-061300000032599 =041 ##$$a ind =082 ##$$a 332.76 =090 ##$$a 332.76, Han,t =100 ##$$a Hamidin,Aep S =245 ##$$a Tips =260 ##$$a 2010 $b Yogyakarta =300 ##$$a 122 hlm., 15cm =650 ##$$a Kartu Kredid =700 ##$$a Giri =850 ##$$a NBPNMAT